| 000 | nam a22 7a 4500 | ||
|---|---|---|---|
| 999 |
_c232622 _d232622 |
||
| 003 | Nust | ||
| 005 | 20170221145724.0 | ||
| 008 | 170221b xxu||||| |||| 00| 0 eng d | ||
| 040 | _c0 | ||
| 082 | _a782.1 | ||
| 100 | _4 Liang, Yan | ||
| 245 |
_aA primer of Beijing opera _c Liang, Yan |
||
| 260 |
_aChina _bForeign language press |
||
| 300 | _a70p | ||
| 942 |
_2ddc _cBK |
||